| 000 -LEADER |
| fixed length control field |
00719nam a2200241 a 4500 |
| 001 - CONTROL NUMBER |
| control field |
:::00012508$&:&@@ |
| 003 - CONTROL NUMBER IDENTIFIER |
| control field |
OkBaRHE |
| 005 - DATE AND TIME OF LATEST TRANSACTION |
| control field |
20100402121841.0 |
| 008 - FIXED-LENGTH DATA ELEMENTS--GENERAL INFORMATION |
| fixed length control field |
s1981 j 000 0 eng u |
| 040 ## - CATALOGING SOURCE |
| Transcribing agency |
|
| 100 1# - MAIN ENTRY--PERSONAL NAME |
| Personal name |
Wheat, Ed. |
| 245 10 - TITLE STATEMENT |
| Title |
Intended for pleasure |
| Statement of responsibility, etc |
Ed Wheat and Gaye Wheat. |
| 250 ## - EDITION STATEMENT |
| Edition statement |
Rev. ed. |
| 260 ## - PUBLICATION, DISTRIBUTION, ETC. (IMPRINT) |
| Place of publication, distribution, etc |
Old Tappan, N.J. |
| Name of publisher, distributor, etc |
F.H. Revell Co. |
| Date of publication, distribution, etc |
1981 |
| 300 ## - PHYSICAL DESCRIPTION |
| Extent |
256 p. : ill. ; |
| Dimensions |
24 cm. |
| 650 ## - SUBJECT ADDED ENTRY--TOPICAL TERM |
| Topical term or geographic name as entry element |
Family |
| General subdivision |
Biblical teaching. |
| 650 ## - SUBJECT ADDED ENTRY--TOPICAL TERM |
| Topical term or geographic name as entry element |
Marriage. |
| 650 ## - SUBJECT ADDED ENTRY--TOPICAL TERM |
| Topical term or geographic name as entry element |
Sex in marriage. |
| 650 ## - SUBJECT ADDED ENTRY--TOPICAL TERM |
| Topical term or geographic name as entry element |
Sex instruction. |
| 700 ## - ADDED ENTRY--PERSONAL NAME |
| Personal name |
Wheat, Gaye. |
| 942 ## - ADDED ENTRY ELEMENTS (KOHA) |
| Source of classification or shelving scheme |
|
| Koha item type |
Books |